KAVI SHILENDRA,JINDGI KI JEET MAIN YAKIN (Record no. 5298)

MARC details
000 -LEADER
fixed length control field 00392nam a22001577a 4500
005 - DATE AND TIME OF LATEST TRANSACTION
control field 20161022155517.0
008 - FIXED-LENGTH DATA ELEMENTS--GENERAL INFORMATION
fixed length control field 161022b xxu||||| |||| 00| 0 eng d
020 ## - INTERNATIONAL STANDARD BOOK NUMBER
ISBN 978-81-267-1001-0
041 ## - LANGUAGE CODE
Language code of text/sound track or separate title eng
100 ## - MAIN ENTRY--AUTHOR NAME
Personal name AGRAWAL,PRAHLAD
245 ## - TITLE STATEMENT
Title KAVI SHILENDRA,JINDGI KI JEET MAIN YAKIN
260 ## - PUBLICATION, DISTRIBUTION, ETC. (IMPRINT)
Name of publisher RAJKAMAL
300 ## - PHYSICAL DESCRIPTION
Number of Pages 148
650 ## - SUBJECT ADDED ENTRY--TOPICAL TERM
Topical Term MASS COM @JOURNALISM
942 ## - ADDED ENTRY ELEMENTS (KOHA)
Koha item type Books

No items available.